Normal view
MARC view
Entry Personal Name
001 - CONTROL NUMBER
- control field: 50646
003 - CONTROL NUMBER IDENTIFIER
- control field: dpl
005 - DATE AND TIME OF LATEST TRANSACTION
- control field: 20120801103029.0
008 - FIXED-LENGTH DATA ELEMENTS
- fixed length control field: 120801|||a|||||| | ||| d
040 ## - CATALOGING SOURCE
- Original cataloging agency: dpl
- Transcribing agency: dpl
100 ## - HEADING--PERSONAL NAME
- Personal name: देवसरे, हरिकृष्ण
670 ## - SOURCE DATA FOUND
- Source citation: Work cat.: (dpl)63241: देवसरे, हरिकृष्ण, महान देश भक्त टीपू सुल्तानः, 2011
670 ## - SOURCE DATA FOUND
- Source citation: Work cat.: (dpl)63241: देवसरे, हरिकृष्ण, महान देश भक्त टीपू सुल्तानः, 2011
